000 00538nam a22002297a 4500
003 UA-OsUOA
001 70161
007 ta
008 20100831b un ||||| |||| 00| 0 ukr d
100 _aКлари Роберт
090 _a94(100)
_bК47
942 _cBK
040 _aUA-OsUOA
_brus
_cUA-OsUOA
_dUA-OsUOA
245 _aЗавоевание Константинополя
300 _a171 с.
955 _a3
041 _arus
080 _a94(100)
260 _aМ.
_bНаука
_c1986
650 7 _2UDC
999 _c356423
_d356423